Sports Quiz

Random Sports or Soccer Quiz

'F' Manchester United Players Quiz Stats

 Plays Quiz not verified by Sporcle

Challenge
Share
Tweet
Embed
Score 0/11 Timer 05:00
0 Plays Today
Appearances Player % Correct
312Rio Ferdinand
85.7%
223Darren Fletcher
82.7%
65*Marouane Fellaini
76.7%
63Diego Forlán
66.2%
18Darren Ferguson
55.6%
26Radamel Falcao
53.4%
8*Timothy Fosu-Mensah
51.3%
22Fábio
48.1%
76Quinton Fortune
45.9%
12Ben Foster
45.1%
2Zeki Fryers
23.3%

You're not logged in!

Compare scores with friends on all Sporcle quizzes.
Join for Free
OR
Log In

Show Comments

Extras

Top Quizzes Today


Score Distribution

Your Account Isn't Verified!

In order to create a playlist on Sporcle, you need to verify the email address you used during registration. Go to your Sporcle Settings to finish the process.

Report this User

Report this user for behavior that violates our Community Guidelines.

Details: